LEADER 01213nam a2200253 i 4500 001 000000040564 003 CaOOAMICUS 005 20150720000000.0 008 150720s1936 xx u000 u fre u 013 $a11734 040 $aSeMil$bita 100 1 $aMosca, Gaetano,$d<1858-1941>.$0(OLS)http://semarc/name/6182 245 10$aHistoire des doctrines politiques :$bdepuis l'antiquité jusqu'a nos jours /$cG. Mosca de l'Académie des «Lincei» ; Préface et Traduction de Gaston Bouthoul Professeur a l'école des hautes études sociales. 260 $aParis :$bPayot,$c1936. 300 $a335 p. ;$c22 cm. 490 0 $aBibliothèque politique et economique 650 4$aPolitica - Teorie - Storia.$0(OLS)http://semarc/subject/1043 700 1 $aBouthoul, Gaston.$0(OLS)http://semarc/name/15159 830 0$aBibliothèque politique et economique.$0(OLS)http://semarc/title/34064 850 $aSeMil 852 $aSeMil$W1$xVenegono$y1$m3N V 156$j6719$B6719$CSeMilBibl$Z2$F6719 $81 961 $aOmaggio: Deposito 996 $6245$aHistoire des doctrines politiques :$bdepuis l'antiquité jusqu'a nos jours$9(OLS)http://semarc/title/58332 996 $6260$aParis :$bPayot$9(OLS)http://semarc/publisher/29980 LEADER 01219nam a2200277 i 4500 001 000000049956 003 CaOOAMICUS 005 20160720000000.0 008 160720s1995 it u000 u ita u 013 $a21127 020 $a88-17-11122-8 040 $aSeMil$bita 245 10$aVangelo e storicità :$bun dibattito /$ca cura di Stefano Alberto. 260 $aMilano :$bBiblioteca Universale Rizzoli,$c1995. 300 $aXIX, 549 p. ;$c20 cm. 490 0 $aI libri dello spirito cristiano 650 4$aBibbia - NT - Vangeli - Autenticità.$0(OLS)http://semarc/subject/10358 650 4$aBibbia - NT - Vangeli - Storicità.$0(OLS)http://semarc/subject/4830 700 1 $aAlberto, Stefano,$d<1959- >.$0(OLS)http://semarc/name/24733 830 2$aI libri dello spirito cristiano.$0(OLS)http://semarc/title/9336 850 $aSeMil 852 $aSeMil$W1$xVenegono$y1$m2Y II 85$j16111$B16111$CSeMilBibl$Z2$F16111 $81 961 $aOmaggio: Dossena mons. Tranquillo 996 $6020$a88-17-11122-8$9(OLS)http://semarc/number/23516 996 $6245$aVangelo e storicità :$bun dibattito$9(OLS)http://semarc/title/76177 996 $6260$aMilano :$bBiblioteca Universale Rizzoli$9(OLS)http://semarc/publisher/31907